Brand Logo Quiz - Statistics

General Stats
  • This quiz has been taken 32 times
  • The average score is 10 of 16
Answer Stats
Picture Answer % Correct
Toyota
96%
Monster
92%
Xbox
92%
Louis Vuitton
88%
Mastercard
88%
Red Bull
88%
Kelloggs
76%
Lacoste
72%
Rolex
68%
Rockstar
52%
Umbro
48%
Carrefour
44%
Emirates
24%
Shake Shack
20%
Enoc
8%
Power Horse
8%
No matching quizzes found
Score Distribution
Percent of People with Each Score
Percentile by Number Answered
Your Score History
You have not taken this quiz